• 首页
  • 本馆介绍
  • 公告通知
  • 最新文献
  • 馆藏检索
  • 电子资源
  • 读者导购
  • 参考咨询
  • 我的图书馆
  • 登录
  • 详细信息显示
  • 放入我的书架
  • 预约/预借图书
  • 作者相关作品
  • 分类相关作品
  • 丛书相关作品
  • 出版社相关作品

书目信息

  • 表格格式
  • 工作单格式
  • 卡片格式
题名:
希腊化世界中的犹太人
    
 
作者: 英罗纳尔德·威廉逊
分册:  
出版信息: 北京   华夏出版社  2003
页数: 276页
开本: 20cm
丛书名:
单 册:
中图分类: B382
科图分类:
主题词: 哲学--亚洲
电子资源:
ISBN: 7-5080-2848-1
000 00652nam0 2200193 450
001 0728815141
005 20070819080015.14
010    @a7-5080-2848-1@d¥36.00
100    @a20070819d km y0chiy0120 ea
101 0  @achi
200 1  @a希腊化世界中的犹太人@Axi la hua shi jie zhong de you tai ren@e斐洛思想引论@f[英]罗纳尔德·威廉逊@F[ying]luo na er de·wei lian xun
210    @a北京@c华夏出版社@d2003
215    @a276页@d20cm
517 1  @a斐洛思想引论@Afei luo si xiang yin lun
606 0  @a哲学@x亚洲
690    @aB382@v3
701  0 @a英罗纳尔德·威廉逊@Aying luo na er de·wei lian xun
801  0 @aCN@bPFT@c20070819
905    @a213230@dB382@eZW119@f1
    
    希腊化世界中的犹太人:斐洛思想引论/[英]罗纳尔德·威廉逊.-北京:华夏出版社,2003
    276页;20cm
    
    
    ISBN 7-5080-2848-1:¥36.00
    
●
相关链接 在E读中查询图书 在五车中查询图书 在当当中查询图书 在豆瓣中查询图书


正题名:希腊化世界中的犹太人     索取号:B382/ZW119         预约/预借

序号 登录号 条形码 馆藏地/架位号 状态 备注
1 7600244   276002442   密集书库-文学院/ [索取号:B382/ZW119] 在馆    
唐山师范学院图书馆 欢迎您!
大连网信软件有限公司© 版权所有